00311nam a2200121Ia 4500008004100000041000800041082001400049100002000063245004400083260003900127300001600166365000700182240624s9999 xx 000 0 und d aeng a006.3 FRE aFREEMAN JAMES A aNEURAL NETWORKS ALGORITHMS APPLICATIONS c2004aNew DelhibPearson Education axiii, : 401 cRS